000 00643nam a22002297a 4500
001 70468
003 UA-OsUOA
005 20211023215514.0
007 ta
008 20100906b un ||||| |||| 00| 0 ukr d
020 _a5-250-00965-4
040 _aUA-OsUOA
_brus
_cUA-OsUOA
_dUA-OsUOA
041 _arus
080 _a94(470+571)
090 _a94(470+571)
_bС90
245 _aСуровая драма народа: ученые и публицисты о природе сталинизма
_cСенокосов Ю. П.
260 _aМ.
_c1989
300 _a512 с.
650 7 _a94 Історія
_2UDC
942 _cBK
_2udc
955 _a2
999 _c356739
_d356739